Online
Catalog

Sabiduría, poder y comprensión : (Record no. 6294)

MARC details
000 -CABECERA
campo de control de longitud fija 01829cam a2200241 a 4500
001 - NÚMERO DE CONTROL
campo de control 000006503
005 - FECHA Y HORA DE LA ÚLTIMA TRANSACCIÓN
campo de control 20200929153936.0
008 - DATOS DE LONGITUD FIJA--INFORMACIÓN GENERAL
campo de control de longitud fija 030131s2002 ck ab b 000 0 spa d
020 ## - NÚMERO INTERNACIONAL ESTÁNDAR DEL LIBRO
Número Internacional Estándar del Libro 9586650537
040 ## - FUENTE DE LA CATALOGACIÓN
Centro catalogador/agencia de origen DO-SdBNP
Lengua de catalogación spa
Centro/agencia transcriptor DLC
Centro/agencia modificador BNPHU
082 ## - NÚMERO DE LA CLASIFICACIÓN DECIMAL DEWEY
Número de clasificación 986.003
Número de documento/Ítem S116p
049 ## - FONDOS LOCALES (OCLC)
Fondos de biblioteca BNGR
245 00 - MENCIÓN DE TÍTULO
Título Sabiduría, poder y comprensión :
Resto del título América se repiensa desde sus orígenes /
Mención de responsabilidad, etc. compilador, Roberto Arturo Restrepo Arcila.
260 ## - PUBLICACIÓN, DISTRIBUCIÓN, ETC.
Lugar de publicación, distribución, etc. Bogotá, Colombia :
Nombre del editor, distribuidor, etc. UNESCO,
-- Siglo del Hombre Editores,
Fecha de publicación, distribución, etc. 2002.
300 ## - DESCRIPCIÓN FÍSICA
Extensión 199 p. :
Otras características físicas il., mapas ;
Dimensiones 25 cm.
504 ## - NOTA DE BIBLIOGRAFÍA, ETC.
Nota de bibliografía, etc. Incluye referencias bibliográficas.
505 0# - NOTA DE CONTENIDO CON FORMATO
Nota de contenido con formato Desde el corazón del mundo, una visión propia sobre el poder, la autoridad, la espiritualidad y el desarrollo : declaración conjunta de las organizaciones indígenas -- Pensamiento político de la comunidad Tule (Colombia) / Abadio Green -- Organización política de la comunidad de Turuco (Ecuador) / Lourdes Marisol Alta Lima -- Las autoridades tradicionales políticas y espirituales de las comunidades kechuas del Valle de Patakancha, base del Centro Sami (Ollantaytambo, Valle Sagrado de los Inkas, Cusco-Peru) / Centro de Investigación y Promoción Andino Amazónico -- Gobierno de la comunidad de Lapa Lapa del Ajtun Ayllu Yura (Bolivia) / Fermín Beltrán Condori (Apu Mallku de Conamaq) -- Dos mundos opuestos : entrevista de Victor Molina con Ramiro Reynega -- Los cacicazgos del Área Intermedia : entender el antes, para construir el ahora y proyectar el despues / Roberto Arturo Restrepo Arcila.
650 #4 - PUNTO DE ACCESO ADICIONAL DE MATERIA--TÉRMINO DE MATERIA
Término de materia o nombre geográfico como elemento de entrada Indios de sur américa
Subdivisión general Vida social y costumbres
9 (RLIN) 18030
650 #4 - PUNTO DE ACCESO ADICIONAL DE MATERIA--TÉRMINO DE MATERIA
Término de materia o nombre geográfico como elemento de entrada Filosofía india
Subdivisión geográfica América Del Sur
9 (RLIN) 18031
650 #4 - PUNTO DE ACCESO ADICIONAL DE MATERIA--TÉRMINO DE MATERIA
Término de materia o nombre geográfico como elemento de entrada Desarrollo sostenible
Subdivisión geográfica América Del Sur
9 (RLIN) 18032
700 1# - PUNTO DE ACCESO ADICIONAL--NOMBRE DE PERSONA
Nombre de persona Restrepo Arcila, Roberto Arturo.
Término indicativo de función/relación comp.
9 (RLIN) 18033
910 ## - DATOS DE OPCIÓN DEL USUARIO (OCLC)
Datos de opción del usuario Catalogación por copia / LC
Holdings
Estado de retiro Estado de pérdida Restricciones de uso No para préstamo Código de colección Localización permanente Ubicación/localización actual Ubicación en estantería Fecha de adquisición Número de inventario Total de préstamos Signatura topográfica completa Código de barras Fecha visto por última vez Precio válido a partir de Tipo de ítem Koha
        Monografías: Libros y Folletos General General En catalogación 31.08.2009 LF1   986.003 S116p 6503-10 25.06.2020 25.06.2020 Préstamo en sala

Powered by Koha